Contribución a la visión crítica de la arquitectura / (Record no. 20270)

MARC details
000 -CABECERA
campo de control de longitud fija 00748nam a2200229 4500
003 - IDENTIFICADOR DEL NÚMERO DE CONTROL
campo de control OSt
005 - FECHA Y HORA DE LA ÚLTIMA TRANSACCIÓN
campo de control 20260601171006.0
008 - DATOS DE LONGITUD FIJA--INFORMACIÓN GENERAL
campo de control de longitud fija 260507b1977\\\\mx\a||||\||||\00|\0\spa\d
040 ## - FUENTE DE LA CATALOGACIÓN
Centro catalogador/agencia de origen ICI
Lengua de catalogación spa
Centro/agencia transcriptor ICI
041 ## - CÓDIGO DE LENGUA
Código de lengua del texto/banda sonora o título independiente spa
050 ## - SIGNATURA TOPOGRÁFICA DE LA BIBLIOTECA DEL CONGRESO
Número de clasificación NA2563
Número de documento/Ítem L65
100 #1 - ENTRADA PRINCIPAL--NOMBRE DE PERSONA
Nombre de persona López Rangel, Rafael,
Término indicativo de función/relación autor
9 (RLIN) 32215
245 #1 - MENCIÓN DE TÍTULO
Título Contribución a la visión crítica de la arquitectura /
Mención de responsabilidad, etc. Rafael López Rangel ; editor Lorenzo Terán Olguín
264 #1 - PRODUCCIÓN, PUBLICACIÓN, DISTRIBUCIÓN, FABRICACIÓN Y COPYRIGHT
Producción, publicación, distribución, fabricación y copyright Puebla :
Nombre del de productor, editor, distribuidor, fabricante Universidad Autónoma de Puebla,
Fecha de producción, publicación, distribución, fabricación o copyright 1977,
300 ## - DESCRIPCIÓN FÍSICA
Extensión 212 páginas :
Otras características físicas ilustraciones
336 ## - TIPO DE CONTENIDO
Término de tipo de contenido texto
Fuente rdacontent
337 ## - TIPO DE MEDIO
Nombre/término del tipo de medio sin medio
Fuente rdamedia
338 ## - TIPO DE SOPORTE
Nombre/término del tipo de soporte volumen
Fuente rdacarrier
650 ## - PUNTO DE ACCESO ADICIONAL DE MATERIA--TÉRMINO DE MATERIA
Término de materia o nombre geográfico como elemento de entrada Arquitectura
9 (RLIN) 5213
700 ## - PUNTO DE ACCESO ADICIONAL--NOMBRE DE PERSONA
Nombre de persona Terán Olguín, Lorenzo,
Término indicativo de función/relación editor
9 (RLIN) 32216
942 ## - ELEMENTOS DE PUNTO DE ACCESO ADICIONAL (KOHA)
Fuente del sistema de clasificación o colocación Library of Congress Classification
Tipo de ítem Koha Libros
Suprimir en OPAC 1

No items available.